000 00298nam a22001457a 4500
008 210528b ||||| |||| 00| 0 eng d
020 _a9781555704087
041 _aeng
080 _a7
082 _a7
100 _a44
101 _aART
245 _aBook Repair
_cLavender,K
942 _2udc
_cBK
999 _c57798
_d57798